| 000 | 00598pab a2200193 454500 | ||
|---|---|---|---|
| 008 | 180718b2014 xxu||||| |||| 00| 0 eng d | ||
| 100 | _aButtner, Oliver B. | ||
| 245 | _aA dual-step and dual-process model of advertising effects: implications for reducing the negative impact of advertising on children's' consumption behaviour | ||
| 260 | _c2014 | ||
| 300 | _ap.161-182. | ||
| 362 | _aJun | ||
| 650 | _aChildren | ||
| 650 | _aAdvertising | ||
| 650 | _aConsumption | ||
| 700 | _aSerfas, Benjamin G. | ||
| 700 | _aFlorack, Arnd | ||
| 773 | _aJournal of Consumer Policy | ||
| 909 | _a107356 | ||
| 999 |
_c107351 _d107351 |
||